Normal view
MARC view
- Henry Hewlett
Entry Personal Name
001 - CONTROL NUMBER
- control field: 25318
003 - CONTROL NUMBER IDENTIFIER
- control field: NUST
005 - DATE AND TIME OF LATEST TRANSACTION
- control field: 20191107095557.0
008 - FIXED-LENGTH DATA ELEMENTS
- fixed length control field: 191107|| aca||aabn | a|a d
040 ## - CATALOGING SOURCE
- Original cataloging agency: NUST
- Transcribing agency: NUST
100 ## - HEADING--PERSONAL NAME
- Personal name: Henry Hewlett
670 ## - SOURCE DATA FOUND
- Source citation: Work cat.: (NUST): Henry Hewlett, Ensuring reservoir safety into the future , c2008
